Tribal Development in India: Challenges and prospects in tribal education/ (Record no. 178482)

MARC details
000 -LEADER
fixed length control field 00691nam a22001817a 4500
005 - DATE AND TIME OF LATEST TRANSACTION
control field 20210331173522.0
010 ## - LCCN (DPL NO)
LC control number ENG-129364
020 ## - INTERNATIONAL STANDARD BOOK NUMBER
International Standard Book Number 978-93-5388-427-7
Terms of availability 1295.00
035 ## - SYSTEM CONTROL NUMBER
System control number EN-112896
037 ## - SOURCE OF ACQUISITION
Source of stock number/acquisition DBAD/PUB
082 ## - DEWEY DECIMAL CLASSIFICATION NUMBER
Classification number 370.954
245 ## - TITLE STATEMENT
Title Tribal Development in India: Challenges and prospects in tribal education/
Statement of responsibility, etc Edited by R. R. Patil
260 ## - PUBLICATION, DISTRIBUTION, ETC. (IMPRINT)
Place of publication, distribution, etc New Delhi
Name of publisher, distributor, etc Sage Publication India
Date of publication, distribution, etc 2020
270 ## - ADDRESS
Address B1/1-1 Mohan Cooperative Industrial Area Mathura Road
City New Delhi
Postal code 110044
300 ## - PHYSICAL DESCRIPTION
Extent xv+332p.
Dimensions 22cm(hbk)
Other physical details Including illustrations, tables, bibliographical references and index.
700 ## - ADDED ENTRY--PERSONAL NAME
Personal name Patil, R. R., Ed.
942 ## - ADDED ENTRY ELEMENTS (KOHA)
Source of classification or shelving scheme Dewey Decimal Classification
Item type English Books
Classification part 370.954
Call number suffix TRI
Holdings
Withdrawn status Lost status Not for loan Collection code Home library Current library Date acquired Source of acquisition Cost, normal purchase price Full call number Barcode Copy number Cost, replacement price Koha item type
      Non-fiction Bawana Bawana 31/03/2021 DBAD/PUB 1295.00 370.954 TRI EN-112896 1 1295.00 English Books

© Delhi Public Library
Hit Counter
free hit counter